| 000 | 00733nam a22002297i 4500 | ||
|---|---|---|---|
| 003 | URS | ||
| 005 | 20230817141348.0 | ||
| 008 | 181206s1995 ph ||||| |||| 00| 0 eng d | ||
| 040 | _cURS | ||
| 050 | 1 | 4 |
_aK1401 _b.N721 1995 |
| 100 | 1 |
_aNolledo, Jose N. _eauthor |
|
| 245 | 1 | 4 |
_aThe bouncing check law : _bbatas pambansa blg. 22 explained / _cBy: Prof. Jose N. Nolledo |
| 264 | 1 |
_aManila : _bRex Book Store, _c[date of publication not idenfitied]. |
|
| 264 | 4 | _c©1995 | |
| 300 |
_a59 pages : _bcolour illustrations ; _c22 cm |
||
| 336 |
_atext _btxt _2rdacontent |
||
| 336 |
_astill image _bsti _2rdacontent |
||
| 337 |
_aunmediated _bn _2rdamedia |
||
| 338 |
_avolume _bnc _2rdacarrier |
||
| 650 | 0 | _aPolitical Science | |
| 942 |
_cR _2lcc |
||
| 999 |
_c72599 _d72598 |
||